English phonology
The book deals principally with three varieties of English: "General American", Southern British "Received Pronunciation" and "Scottish Standard English". It offers a systematic and detailed discussion of the features shared by these major accents, and explains some maj...
Wedi'i Gadw mewn:
| Prif Awdur: | |
|---|---|
| Fformat: | Llyfr |
| Iaith: | Undetermined |
| Cyhoeddwyd: |
Cambridge, UK
Cambridge University Press
1998
|
| Pynciau: | |
| Tagiau: |
Ychwanegu Tag
Dim Tagiau, Byddwch y cyntaf i dagio'r cofnod hwn!
|
| Thư viện lưu trữ: | Trung tâm Học liệu Trường Đại học Cần Thơ |
|---|
| LEADER | 00835nam a2200217Ia 4500 | ||
|---|---|---|---|
| 001 | CTU_33274 | ||
| 008 | 210402s9999 xx 000 0 und d | ||
| 020 | |c 82560 | ||
| 082 | |a 421.5 | ||
| 082 | |b G454 | ||
| 100 | |a Giegerich, Heinz J | ||
| 245 | 0 | |a English phonology | |
| 245 | 0 | |c Heinz J Giegerich | |
| 260 | |a Cambridge, UK | ||
| 260 | |b Cambridge University Press | ||
| 260 | |c 1998 | ||
| 520 | |a The book deals principally with three varieties of English: "General American", Southern British "Received Pronunciation" and "Scottish Standard English". It offers a systematic and detailed discussion of the features shared by these major accents, and explains some major differences | ||
| 650 | |a English language | ||
| 650 | |x Phonology | ||
| 904 | |i Minh, 991007 | ||
| 980 | |a Trung tâm Học liệu Trường Đại học Cần Thơ | ||